000 00612nam a2200181 4500
001 143560
003 ES-MaACL
005 20230906200839.0
007 t|
008 070214s1972 sp r ||||1| spa d
100 1 _aServantie, Alain.
_9105858
245 1 0 _aLo normal y lo patológico
_b: introducción a la Antropología psiquiatrica /
_cAlain Servantie, Marie Françoise Becut, Annie Bernard.
260 _aMadrid :
_bFundamentos,
_c1972 (
_fVicent)
300 _a158 p. ;
_c19 cm.
700 1 _aBecut, Marie Françoise.
_926983
700 1 _aBernard, Annie.
_928228
852 _aES-MaACL
_jC-50709
_bR.82264
999 _c143560
_d143560